logo

Bir Sreshtho Munshi Abdur Rouf Library
Jhenaidah Cadet College

Social work : (Record no. 8674)

MARC details
000 -LEADER
fixed length control field 00871cam a2200289 a 4500
001 - CONTROL NUMBER
JCCL Control Number 8674
003 - CONTROL NUMBER IDENTIFIER
JCCL marc code BD-JhCC
005 - DATE AND TIME OF LATEST TRANSACTION
control field 20180301110441.0
008 - FIXED-LENGTH DATA ELEMENTS--GENERAL INFORMATION
fixed length control field 851001s1986 ohua b 001 0 eng
020 ## - INTERNATIONAL STANDARD BOOK NUMBER
International Standard Book Number 0675203244
035 ## - SYSTEM CONTROL NUMBER
system control number (BD-JhCC)8674
040 ## - CATALOGING SOURCE
Original cataloging agency DLC
Transcribing agency DLC
Modifying agency DLC
-- BD-JhCC
041 ## - LANGUAGE CODE
Language code of Book eng
050 00 - LIBRARY OF CONGRESS CALL NUMBER
Classification number HV10.5
Item number .M33 1986
082 00 - DEWEY DECIMAL CLASSIFICATION NUMBER
Classification number 361.3/2
DDC Edition number 20
Author mark and Year MAC 1986
100 1# - MAIN ENTRY--PERSONAL NAME
Personal name Macht, Mary Wirtz.
245 10 - TITLE STATEMENT
Title Social work :
Remainder of title an introduction /
Statement of responsibility, etc Mary Wirtz Macht, Jean K. Quam ; Fredrick W. Seidl, consulting editor.
260 ## - PUBLICATION, DISTRIBUTION, ETC. (IMPRINT)
Place of publication, distribution, etc Columbus :
Name of publisher, distributor, etc C.E. Merrill,
Date of publication, distribution, etc c1986.
300 ## - PHYSICAL DESCRIPTION
Pagination xvii, 409 p. :
Other physical details ill. ;
Dimensions 24 cm.
504 ## - BIBLIOGRAPHY, ETC. NOTE
Bibliography, etc Includes bibliographies and index.
650 #0 - SUBJECT ADDED ENTRY--TOPICAL TERM
Topical term or geographic name as entry element Social service.
650 #0 - SUBJECT ADDED ENTRY--TOPICAL TERM
Topical term or geographic name as entry element Social service
Geographic subdivision United States.
700 1# - ADDED ENTRY--PERSONAL NAME
Personal name Quam, Jean K.
Fuller form of name (Jean Kathleen)
700 1# - ADDED ENTRY--PERSONAL NAME
Personal name Seidl, Fredrick W.
942 ## - ADDED ENTRY ELEMENTS (KOHA)
Source of classification or shelving scheme Dewey Decimal Classification
Koha item type Books
Holdings
Source of classification or shelving scheme Damaged status Not for loan Home library Current library Shelving location Total Checkouts Full call number Barcode Date last seen Copy number Koha item type
Dewey Decimal Classification     JCC Rouf Library JCC Rouf Library General Stacks   361.3/2 MAC 1986 11073 03/01/2018 C - 1 Books

JCC Library | Contacts | JCC Home

Last Update on 23 September 2017
Copyright @ 2017-2020 JCC Rouf Library
Rouf Library, Jhenidah Cadet College (JCC), Bangladesh